| 000 | 00436nam a2200181Ia 4500 | ||
|---|---|---|---|
| 001 | 17811 | ||
| 005 | 20260306171544.0 | ||
| 008 | 260306s9999||||xx |||||||||||||| ||und|| | ||
| 041 | _aESP | ||
| 082 |
_a658.25 _bE16 |
||
| 100 |
_aEcheverri Londoño, Carlos Alberto _eAUT |
||
| 245 | 0 | _aVentilación industrial | |
| 260 | _c2011 | ||
| 300 |
_a214 páginas : _c24 cm. |
||
| 650 | _aGEN | ||
| 654 | _aCAN | ||
| 942 |
_cLIB _dJUS _fJUS _2ddc _n |
||
| 999 |
_c17811 _d17811 |
||